Geography Quiz

Random Geography or City Quiz

New York Cities (1790-2010) Quiz Stats

 Plays Quiz Updated Nov 1, 2017

Score 0/210 Timer 07:00
5 Plays Today
Census City % Correct
1790New York
99.1%
1800New York
99.1%
1810New York
99.1%
1820New York
99.1%
1830New York
99.1%
1840New York
99.1%
1850New York
99.1%
1860New York
99.1%
1870New York
99.1%
1880New York
99.1%
1890New York
99.1%
1900New York
99.1%
1910New York
99.1%
1920New York
99.1%
1930New York
99.1%
1940New York
99.1%
1950New York
99.1%
1960New York
99.1%
1970New York
99.1%
1980New York
99.1%
1990New York
99.1%
2000New York
99.1%
2010New York
99.1%
1790Albany
91.7%
1800Albany
91.7%
1810Albany
91.7%
1820Albany
91.7%
1830Albany
91.7%
1840Albany
91.7%
1850Albany
91.7%
1860Albany
91.7%
1870Albany
91.7%
1880Albany
91.7%
1890Albany
91.7%
1900Albany
91.7%
1910Albany
91.7%
1920Albany
91.7%
1930Albany
91.7%
1940Albany
91.7%
1950Albany
91.7%
1960Albany
91.7%
1970Albany
91.7%
1980Albany
91.7%
1990Albany
91.7%
2000Albany
91.7%
2010Albany
91.7%
1830Buffalo
89.4%
1820Buffalo
89.4%
1840Buffalo
89.4%
1850Buffalo
89.4%
1860Buffalo
89.4%
1870Buffalo
89.4%
1880Buffalo
89.4%
1890Buffalo
89.4%
1900Buffalo
89.4%
1910Buffalo
89.4%
1920Buffalo
89.4%
1930Buffalo
89.4%
1940Buffalo
89.4%
1950Buffalo
89.4%
1960Buffalo
89.4%
1970Buffalo
89.4%
1980Buffalo
89.4%
1990Buffalo
89.4%
2000Buffalo
89.4%
2010Buffalo
89.4%
1850Syracuse
75.3%
1860Syracuse
75.3%
1870Syracuse
75.3%
1880Syracuse
75.3%
Census City % Correct
1890Syracuse
75.3%
1900Syracuse
75.3%
1910Syracuse
75.3%
1920Syracuse
75.3%
1930Syracuse
75.3%
1940Syracuse
75.3%
1950Syracuse
75.3%
1960Syracuse
75.3%
1970Syracuse
75.3%
1980Syracuse
75.3%
1990Syracuse
75.3%
2000Syracuse
75.3%
2010Syracuse
75.3%
1830Rochester
74.7%
1840Rochester
74.7%
1850Rochester
74.7%
1860Rochester
74.7%
1870Rochester
74.7%
1880Rochester
74.7%
1890Rochester
74.7%
1900Rochester
74.7%
1910Rochester
74.7%
1920Rochester
74.7%
1930Rochester
74.7%
1940Rochester
74.7%
1950Rochester
74.7%
1960Rochester
74.7%
1970Rochester
74.7%
1980Rochester
74.7%
1990Rochester
74.7%
2000Rochester
74.7%
2010Rochester
74.7%
1810Brooklyn
67.5%
1800Brooklyn
67.5%
1820Brooklyn
67.5%
1830Brooklyn
67.5%
1840Brooklyn
67.5%
1850Brooklyn
67.5%
1860Brooklyn
67.5%
1870Brooklyn
67.5%
1880Brooklyn
67.5%
1890Brooklyn
67.5%
1890Yonkers
58.6%
1900Yonkers
58.6%
1910Yonkers
58.6%
1920Yonkers
58.6%
1930Yonkers
58.6%
1940Yonkers
58.6%
1950Yonkers
58.6%
1960Yonkers
58.6%
1970Yonkers
58.6%
1980Yonkers
58.6%
1990Yonkers
58.6%
2000Yonkers
58.6%
2010Yonkers
58.6%
1820Utica
44.8%
1830Utica
44.8%
1840Utica
44.8%
1850Utica
44.8%
1860Utica
44.8%
1870Utica
44.8%
1880Utica
44.8%
1890Utica
44.8%
1900Utica
44.8%
1910Utica
44.8%
1920Utica
44.8%
1930Utica
44.8%
1940Utica
44.8%
1950Utica
44.8%
1960Utica
44.8%
Census City % Correct
1970Utica
44.8%
1980Utica
44.8%
1990Utica
44.8%
2000Utica
44.8%
2010Utica
44.8%
1800Schenectady
37.5%
1810Schenectady
37.5%
1820Schenectady
37.5%
1830Schenectady
37.5%
1840Schenectady
37.5%
1910Schenectady
37.5%
1920Schenectady
37.5%
1930Schenectady
37.5%
1940Schenectady
37.5%
1950Schenectady
37.5%
1960Schenectady
37.5%
1970Schenectady
37.5%
1980Schenectady
37.5%
1990Schenectady
37.5%
2000Schenectady
37.5%
2010Schenectady
37.5%
1890Binghamton
35.7%
1900Binghamton
35.7%
1910Binghamton
35.7%
1920Binghamton
35.7%
1930Binghamton
35.7%
1940Binghamton
35.7%
1950Binghamton
35.7%
1820Troy
32.7%
1830Troy
32.7%
1840Troy
32.7%
1850Troy
32.7%
1860Troy
32.7%
1870Troy
32.7%
1880Troy
32.7%
1890Troy
32.7%
1900Troy
32.7%
1910Troy
32.7%
1920Troy
32.7%
1860Poughkeepsie
31.5%
1870Poughkeepsie
31.5%
1930Niagara Falls
28.6%
1940Niagara Falls
28.6%
1950Niagara Falls
28.6%
1960Niagara Falls
28.6%
1970Niagara Falls
28.6%
1980Niagara Falls
28.6%
1960New Rochelle
27.6%
1970New Rochelle
27.6%
1980New Rochelle
27.6%
1990New Rochelle
27.6%
2000New Rochelle
27.6%
2010New Rochelle
27.6%
1900Elmira
18.4%
1990Mount Vernon
17.4%
2000Mount Vernon
17.4%
2010Mount Vernon
17.4%
1790Hudson
14.8%
1800Hudson
14.8%
1810Hudson
14.8%
1820Hudson
14.8%
1830Hudson
14.8%
1840Hudson
14.8%
1850Oswego
12.8%
1860Oswego
12.8%
1870Oswego
12.8%
1880Oswego
12.8%
1840Auburn
8.6%
1880Auburn
8.6%
1850Williamsburgh
5.2%

You're not logged in!

Compare scores with friends on all Sporcle quizzes.
OR
Log In

You Might Also Like...

Show Comments

Extras

Top Quizzes Today


Score Distribution

Your Account Isn't Verified!

In order to create a playlist on Sporcle, you need to verify the email address you used during registration. Go to your Sporcle Settings to finish the process.

Report this User

Report this user for behavior that violates our Community Guidelines.

Details: